000 00653nam a2200133Ia 4500
008 100328s9999 xx 000 0 und d
082 _b65330
100 _aभोसले सु.बा.
245 _aभारताचे पहिले राष्ट्रपती डॉ.राजेंद्रप्रसाद.
260 _bज्ञानगंगा.
630 _aभारताचे पहिले राष्ट्रपती डॉ.राजेंद्रप्रसाद.
730 _aभारताचे पहिले राष्ट्रपती डॉ.राजेंद्रप्रसाद.
942 _cBOOK
999 _c551077
_d551074